000 00319nam a2200109Ia 4500
005 20251222154330.0
008 251222s9999||||xx |||||||||||||| ||spa||
020 _a978-9972-787-28-7
082 _a363.73/C76F
245 0 _aEl fin de las cumbres nevadas? Glaciares y cambio climético en la Comunidad Andina
942 _cLIB
999 _c34133
_d34133